000 00722cam a2200181 a 4500
001 000003057
005 20200929150323.0
008 860730s1981 dr 000 0 spa
040 _aDO-SdBNP
_bspa
_cBNPHU
082 _a346.97293
_bR311j
245 0 0 _aRecopilacion jurisprudencia Tribunal de Tierras, 1960-1980 /
_ccompilador Franklin Cruz Salcedo.
260 _aSanto Domingo :
_b[s.n.],
_c1981.
300 _a251 p. ;
_c21 cm.
650 4 _aBienes raices
_zRepública Dominicana
_xDerecho privado
_99657
650 4 _aRegistro de propiedad
_xRegistro y traferencia
_zRepública Dominicana
_xDerecho privado
_99658
700 1 _aCruz Salcedo, Franklin,
_ecomp.
_99659
710 1 _aRepùblica Dominicana.
_bTribunal de Tierra
_99660
999 _c2888
_d2888